[Event "Darek Jacek Zaucha"]
[Site "SchemingMind.com"]
[Date "2016.01.06"]
[Round "-"]
[White "kenneth m day"]
[Black "Scooter"]
[Result "1-0"]
[WhiteCountry "USA"]
[BlackCountry "USA"]
[WhiteElo "1698"]
[WhiteRD "51"]
[BlackElo "1696"]
[BlackRD "46"]
[GameID "393320"]

1. e4 c6 2. c4 d5 3. cxd5 cxd5 4. exd5 Qxd5 5. Nc3 Qd8 6. d4 Nf6 7. Bc4 a6 8. h3 b5 9. Bb3 Bb7 10. Nf3 e6
11. O-O Be7 12. Be3 O-O 13. Qd3 Bxf3 14. gxf3 Nc6 15. Kh2 Nb4 16. Qd2 Nbd5 17. Rg1 Bb4 18. Bh6 Qc7+ 19. Kh1 Nh5 20. Qg5 g6
21. Qxh5
1-0

[Event "Darek Jacek Zaucha"]
[Site "SchemingMind.com"]
[Date "2016.01.06"]
[Round "-"]
[White "Scooter"]
[Black "kenneth m day"]
[Result "1-0"]
[WhiteCountry "USA"]
[BlackCountry "USA"]
[WhiteElo "1712"]
[WhiteRD "48"]
[BlackElo "1701"]
[BlackRD "52"]
[GameID "393321"]

1. d4 f5 2. Nf3 Nf6 3. Bf4 d6 4. e3 g6 5. Be2 Bg7 6. O-O O-O 7. Nbd2 b6 8. c4 Bb7 9. Ng5 Bc8 10. b4 h6
11. Ngf3 Bb7 12. h3 Nbd7 13. Nb3 Ne4 14. Qc2 Ndf6 15. Rad1 Re8 16. d5 Nh5 17. Bh2 e6 18. dxe6 Rxe6 19. Nfd4 Re8 20. Bxh5 gxh5
21. Nxf5 Qf6 22. Nxg7 Qxg7 23. f3 Nf6 24. Nd4 Bc8 25. Kh1 Rxe3 26. Rde1 Rxe1 27. Rxe1 Bb7 28. Nf5 Qg5 29. Re7 Kf8 30. Rxc7 Bc8
31. Bxd6+ Kg8 32. Ne7+ Kh8 33. Nxc8
1-0

[Event "Darek Jacek Zaucha"]
[Site "SchemingMind.com"]
[Date "2016.01.25"]
[Round "-"]
[White "Wojtek26"]
[Black "miriskra"]
[Result "1-0"]
[WhiteCountry "POL"]
[BlackCountry "WLS"]
[WhiteElo "1571"]
[WhiteRD "49"]
[BlackElo "1676"]
[BlackRD "63"]
[GameID "394267"]

1. d4 Nf6 2. c4 e6 3. e3 Be7 4. Nc3 d5 5. c5 O-O 6. Nf3 b6 7. cxb6 axb6 8. Bb5 c6 9. Bd3 Ba6 10. Bxa6 Nxa6
11. O-O c5 12. dxc5 bxc5 13. Ne5 Qc7 14. Nf3 Rfd8 15. Ne2 Ne4 16. Nd2 Nd6 17. a3 c4 18. Nd4 Nc5 19. N2f3 Nde4 20. Nd2 Nxd2
21. Bxd2 e5 22. Nf5 Bf6 23. Qg4 Kh8 24. f3 d4 25. exd4 exd4 26. Bg5 Bxg5 27. Qxg5 f6 28. Qg4 Nb3 29. Rae1 Rd7 30. Re2 d3
31. Re4 Nd2 32. Rfe1 Nxe4 33. Qxe4
1-0

[Event "Darek Jacek Zaucha"]
[Site "SchemingMind.com"]
[Date "2016.01.25"]
[Round "-"]
[White "miriskra"]
[Black "Wojtek26"]
[Result "0-1"]
[WhiteCountry "WLS"]
[BlackCountry "POL"]
[WhiteElo "1676"]
[WhiteRD "63"]
[BlackElo "1571"]
[BlackRD "49"]
[GameID "394268"]

1. d4 d5 2. c4 e6 3. Nc3 Nf6 4. Bg5 Be7 5. e3 O-O 6. Nf3 h6 7. Bh4 dxc4 8. Bxc4 b6 9. O-O Bb7 10. Rc1 Ne4
11. Bxe7 Qxe7 12. Nxe4 Bxe4 13. Nd2 Bb7 14. Qe2 Qg5 15. f3 Nc6 16. Ne4 Qe7 17. a3 Na5 18. Ba2 Bxe4 19. fxe4 Rac8 20. b4 Nb7
21. Qa6 Nd6 22. e5 Nf5 23. Qd3 Qg5 24. e4 Ne3 25. Rf2 Nxg2 26. Qd2 Qxd2 27. Rxd2 Nf4 28. Rf1 Ng6 29. h4 Ne7
0-1

[Event "Darek Jacek Zaucha"]
[Site "SchemingMind.com"]
[Date "2016.01.30"]
[Round "-"]
[White "Michal Drus"]
[Black "woodpr"]
[Result "1-0"]
[WhiteCountry "POL"]
[BlackCountry "ENG"]
[WhiteElo "1469"]
[WhiteRD "70"]
[BlackElo "1470"]
[BlackRD "93"]
[GameID "394474"]

1. e4 e5 2. d4 exd4 3. Qxd4 Nc6 4. Qe3 d6 5. Bb5 Bd7 6. Bxc6 Bxc6 7. Nc3 Be7 8. Nd5 Bxd5 9. exd5 h6 10. Nf3 Nf6
11. Bd2 Nxd5 12. Qd4 Nf6 13. O-O-O Qd7 14. Bc3 b6 15. Rhe1 O-O 16. Ne5 Qb5 17. Ng6 fxg6 18. Rxe7 Rae8 19. Rxc7 Rf7 20. Qxd6 Ne4
21. Qxg6 Qg5+ 22. Qxg5 Nxg5 23. Rdd7 Ref8 24. Rxa7 Rxd7 25. Rxd7 Ne6 26. Re7 Rxf2 27. Rxe6 Rxg2 28. Be5 b5 29. Bg3 Kh7 30. Rb6 Rg1+
31. Kd2 Ra1 32. a3 Rf1 33. Rxb5 Rf6 34. a4 g5 35. a5 Kg6 36. Rb6
1-0

[Event "Darek Jacek Zaucha"]
[Site "SchemingMind.com"]
[Date "2016.01.30"]
[Round "-"]
[White "woodpr"]
[Black "Michal Drus"]
[Result "1-0"]
[WhiteCountry "ENG"]
[BlackCountry "POL"]
[WhiteElo "1533"]
[WhiteRD "91"]
[BlackElo "1476"]
[BlackRD "70"]
[GameID "394475"]

1. c4 c5 2. e4 e6 3. Nf3 a6 4. d3 Nc6 5. Be3 d6 6. Nc3 Nf6 7. d4 Nxd4 8. Bxd4 cxd4 9. Qxd4 e5 10. Qd2 Bg4
11. Be2 Qa5 12. Qc2 O-O-O 13. O-O Be7 14. Ng5 Bxe2 15. Qxe2 Rdf8 16. Nf3 h6 17. Rfc1 Nd7 18. Nd5 Bg5 19. Nxg5 hxg5 20. Qg4 f6
21. Ne7+ Kc7 22. Ng6 f5 23. exf5 Nf6 24. Qe2 Rxh2 25. Kxh2 Re8 26. Qe3 Ng4+ 27. Kg3 Nxe3 28. fxe3 e4 29. Kg4 Qd2 30. Rg1 Qxe3
31. Rae1 Qd2 32. Rd1 Qe2+ 33. Kg3 e3 34. Rdf1 Re4 35. Rf3 g4 36. Rff1 Qxc4 37. Rc1 e2 38. Rxc4+ Rxc4 39. Re1 Rc2 40. Rb1 Rd2
41. Re1 Rxb2 42. Nf4 Kc6 43. Nxe2 Rxa2 44. Nd4+ Kc5 45. Ne6+ Kd5 46. Nxg7 Ra3+ 47. Kxg4 Ra2 48. Rd1+ Kc6 49. g3 Ra4+ 50. Kg5 Ra3
51. Rg1 a5 52. f6 Kd7 53. Kg6 b5 54. f7 Ke7 55. Re1+
1-0

[Event "Darek Jacek Zaucha"]
[Site "SchemingMind.com"]
[Date "2016.01.27"]
[Round "-"]
[White "clare1347"]
[Black "Timaeus"]
[Result "1-0"]
[WhiteCountry "ENG"]
[BlackCountry "JPN"]
[WhiteElo "2340"]
[WhiteRD "90"]
[BlackElo "1377"]
[BlackRD "70"]
[GameID "394504"]

1. d4 e5 2. dxe5 f6 3. e4 fxe5 4. Nf3 d6 5. Nc3 Nf6 6. Bg5 Bg4 7. Bc4 Be7 8. h3 Bxf3 9. Qxf3 h6 10. Bxf6 Bxf6
11. Qh5+ Kd7 12. Qg4+ Ke8 13. Qe6+ Be7 14. Qf7+ Kd7 15. Be6+ Kc6 16. Qf3 b6 17. Qd3 Kb7 18. b4 Rf8 19. b5 c6 20. O-O a6
21. a4 Qc7 22. bxc6+ Nxc6 23. Nd5 Qd8 24. Rab1 Nd4 25. Rxb6+ Qxb6 26. Nxb6 Kxb6 27. Rb1+ Kc7 28. Qc4+ Nc6 29. Bd5
1-0

[Event "Darek Jacek Zaucha"]
[Site "SchemingMind.com"]
[Date "2016.01.27"]
[Round "-"]
[White "Timaeus"]
[Black "clare1347"]
[Result "0-1"]
[WhiteCountry "JPN"]
[BlackCountry "ENG"]
[WhiteElo "1339"]
[WhiteRD "70"]
[BlackElo "2308"]
[BlackRD "91"]
[GameID "394505"]

1. e4 d5 2. exd5 Nf6 3. Bc4 Nxd5 4. Bxd5 Qxd5 5. d4 Qxg2 6. Qf3 Qg6 7. c3 Nc6 8. Bf4 e5 9. dxe5 Bg4 10. Qe3 O-O-O
11. Nd2 Rd3 12. Qg3 Rxg3 13. hxg3 Be7 14. f3 Bf5 15. O-O-O Nb4 16. cxb4 Qc6+ 17. Nc4 Qxc4+
0-1

[Event "Darek Jacek Zaucha"]
[Site "SchemingMind.com"]
[Date "2016.02.01"]
[Round "-"]
[White "nikephoros"]
[Black "Phillip Beckett"]
[Result "0-1"]
[WhiteCountry "IND"]
[BlackCountry "ENG"]
[WhiteElo "1326"]
[WhiteRD "82"]
[BlackElo "1577"]
[BlackRD "47"]
[GameID "394872"]

1. e4 e5 2. Nf3 Nc6 3. Bc4 Nf6 4. d4 exd4 5. O-O Bc5 6. e5 d5 7. exf6 dxc4 8. Re1+ Be6 9. Ng5 Qd5 10. Nxe6 fxe6
0-1

[Event "Darek Jacek Zaucha"]
[Site "SchemingMind.com"]
[Date "2016.02.04"]
[Round "-"]
[White "emvarela"]
[Black "Black Knight"]
[Result "1-0"]
[WhiteCountry "ARG"]
[BlackCountry "USA"]
[WhiteElo "1684"]
[WhiteRD "47"]
[BlackElo "1422"]
[BlackRD "62"]
[GameID "395003"]

1. e4 e5 2. Nf3 Nc6 3. d4 exd4 4. Bc4 Bc5 5. O-O d6 6. c3 Nf6 7. cxd4 Bb6 8. h3 O-O 9. Bg5 h6 10. Bh4 Nxe4
11. Bxd8
1-0

[Event "Darek Jacek Zaucha"]
[Site "SchemingMind.com"]
[Date "2016.02.04"]
[Round "-"]
[White "Black Knight"]
[Black "emvarela"]
[Result "0-1"]
[WhiteCountry "USA"]
[BlackCountry "ARG"]
[WhiteElo "1438"]
[WhiteRD "64"]
[BlackElo "1680"]
[BlackRD "49"]
[GameID "395004"]

1. e4 e5 2. Nf3 Nc6 3. Bb5 a6 4. Bxc6 dxc6 5. O-O Bg4 6. Nc3 Bd6 7. h3 Bxf3 8. Qxf3 Qf6 9. Qxf6 Nxf6 10. d3 O-O
11. Bg5 Nd7 12. Be3 f5 13. f3 f4 14. Bf2 Bc5 15. Bxc5 Nxc5 16. b4 Ne6 17. Ne2 c5 18. c3 cxb4 19. cxb4 Rfd8 20. Rfd1 b5
21. Rac1 Rac8 22. Rc6 Nd4 23. Nxd4 Rxd4 24. a3 Rcd8 25. Rc3 R8d7 26. Kf2 g5 27. g4 fxg3+ 28. Kxg3 Kf7 29. Kg4 Kg6 30. h4 h5+
31. Kg3 R4d6 32. hxg5 Kxg5 33. Kf2 Kf4 34. Ke2 Rg6 35. Rf1 Rg2+ 36. Rf2 Rxf2+ 37. Kxf2 h4 38. Kg2 Rg7+ 39. Kh3 Kxf3 40. Kxh4 Kf4
41. Rc5 Rh7#
0-1

[Event "Darek Jacek Zaucha"]
[Site "SchemingMind.com"]
[Date "2016.02.04"]
[Round "-"]
[White "Chessibelle"]
[Black "ray winteringham"]
[Result "1-0"]
[WhiteCountry "ENG"]
[BlackCountry "ENG"]
[WhiteElo "1199"]
[WhiteRD "61"]
[BlackElo "1477"]
[BlackRD "55"]
[GameID "395048"]

1. Nf3 d5 2. d4 Nf6 3. e3 e6 4. Nc3 Bb4 5. Bd2 O-O 6. g3 c5 7. Bg2 c4 8. O-O Nc6 9. a3 Ba5 10. Ng5 h6
11. Nh3 a6 12. Na4 b5 13. Nc5 Bxd2 14. Qxd2 Rb8 15. b3 Nd7 16. a4 Nxc5 17. dxc5 f5 18. Nf4 Kh7 19. Bf3 Qc7 20. Bh5 g5
21. Bg6+ Kg7 22. Qc3+ Kg8 23. Bh5 gxf4 24. exf4 Qg7 25. Qe3 Nd4 26. Rad1 Nxc2 27. Qd2 Na3 28. f3 b4 29. Rf2 c3 30. Qd3 a5
31. h3 Kh8 32. Qe2 Qxg3+ 33. Kf1 Qxh3+ 34. Rg2 Qxh5 35. Qe5+
1-0

[Event "Darek Jacek Zaucha"]
[Site "SchemingMind.com"]
[Date "2016.02.05"]
[Round "-"]
[White "ray winteringham"]
[Black "Chessibelle"]
[Result "1-0"]
[WhiteCountry "ENG"]
[BlackCountry "ENG"]
[WhiteElo "1477"]
[WhiteRD "55"]
[BlackElo "1199"]
[BlackRD "61"]
[GameID "395049"]

1. e4 e5 2. Nf3 Nc6 3. Bb5 h6 4. d3 d6 5. O-O Bd7 6. Be3 Nf6 7. Nbd2 Be7 8. h3 Nh5 9. Bxc6 Bxc6 10. Nxe5 Bb5
11. Qxh5 O-O 12. Nef3 Bd7 13. Nd4 c5 14. N4b3 Bf6 15. c3 Be6 16. Qe2 b6 17. Nf3 Be7 18. Nbd2 Qc8 19. c4 f6 20. a3 Bf7
21. b4 Qe6 22. Nh2 f5 23. f3 Qe5 24. f4 Qe6 25. b5 Bh4 26. Bf2 Bf6 27. Rab1 d5 28. Qf3 g5 29. cxd5 Qe8 30. e5 Be7
31. d6 Bd8 32. Qxa8 Ba2 33. Rbc1 Qe6 34. g3 Bd5 35. Qxa7 gxf4 36. Ndf3 Qg6 37. Kh1 fxg3 38. Rg1 f4 39. Qa4 Qh5 40. Bxg3 Qxh3
41. Bh4+ Kf7 42. Qa7+ Ke6 43. Rg6+ Kf5 44. Qd7+ Be6 45. Qxe6#
1-0

[Event "Darek Jacek Zaucha"]
[Site "SchemingMind.com"]
[Date "2016.02.12"]
[Round "-"]
[White "berns"]
[Black "Stephen Woodhouse"]
[Result "0-1"]
[WhiteCountry "ENG"]
[BlackCountry "ENG"]
[WhiteElo "1566"]
[WhiteRD "77"]
[BlackElo "1805"]
[BlackRD "50"]
[GameID "395285"]

1. d4 e6 2. b3 f5 3. c4 Nf6 4. Nf3 Be7 5. e3 O-O 6. Bd3 b6 7. Nbd2 Bb7 8. Bb2 Ne4 9. Bxe4 fxe4 10. Ne5 d6
11. Ng4 Nd7 12. Qc2 h5 13. Nh6+ gxh6 14. Nxe4 Kg7 15. d5+ e5 16. h3 Bh4 17. g3 Bf6 18. g4 h4 19. f4 exf4 20. exf4 Qe7
21. O-O-O Bxb2+ 22. Qxb2+ Nf6 23. Rde1 Kf7 24. Ng5+ hxg5 25. Rxe7+ Kxe7 26. fxg5 Nd7 27. g6 Ne5 28. Re1 Rf3 29. Qd2 Kf6 30. Qg2 Nd3+
0-1

[Event "Darek Jacek Zaucha"]
[Site "SchemingMind.com"]
[Date "2016.02.12"]
[Round "-"]
[White "Stephen Woodhouse"]
[Black "berns"]
[Result "1-0"]
[WhiteCountry "ENG"]
[BlackCountry "ENG"]
[WhiteElo "1805"]
[WhiteRD "50"]
[BlackElo "1566"]
[BlackRD "77"]
[GameID "395286"]

1. e4 e5 2. Nf3 Nc6 3. d4 exd4 4. Nxd4 Nf6 5. Nc3 Bb4 6. Nxc6 bxc6 7. Bd3 d5 8. exd5 cxd5 9. O-O O-O 10. Bg5 c6
11. Qf3 Bd6 12. Rae1 Rb8 13. Nd1 Rb4 14. b3 Rg4 15. Bxf6 Qxf6 16. Qxf6 gxf6 17. Ne3 Rg5 18. f4 Rh5 19. g4 Rh4 20. Be2 Bc5
21. Rf3 Kh8 22. h3 Rg8 23. Kf2 Bxg4 24. hxg4 Rhxg4 25. Rf1 Bxe3+ 26. Kxe3 Re8+ 27. Kd2 Rg2 28. R1f2 Rgg8 29. Bd3 c5 30. Rh2 Rg7
31. Rfh3 c4 32. Bxh7
1-0

[Event "Darek Jacek Zaucha"]
[Site "SchemingMind.com"]
[Date "2016.02.14"]
[Round "-"]
[White "redmike"]
[Black "John Hamer"]
[Result "1-0"]
[WhiteCountry "SCO"]
[BlackCountry "ENG"]
[WhiteElo "2128"]
[WhiteRD "76"]
[BlackElo "2057"]
[BlackRD "68"]
[GameID "395371"]

1. d4 Nf6 2. c4 g6 3. Nc3 Bg7 4. e4 O-O 5. f4 d6 6. Nf3 c5 7. d5 e6 8. Be2 exd5 9. cxd5 Nbd7 10. O-O Re8
11. Nd2 a6 12. a4 Rb8 13. Qc2 Qc7 14. g4 Nf8 15. g5 Ng4 16. Nc4 Bd4+ 17. Kg2 Qd7 18. Nb6 Qd8 19. Nxc8 Qxc8 20. Qd3 f5=
21. h3 Bxc3 22. bxc3 fxe4 23. Qg3
1-0

[Event "Darek Jacek Zaucha"]
[Site "SchemingMind.com"]
[Date "2016.02.14"]
[Round "-"]
[White "John Hamer"]
[Black "redmike"]
[Result "1-0"]
[WhiteCountry "ENG"]
[BlackCountry "SCO"]
[WhiteElo "2037"]
[WhiteRD "70"]
[BlackElo "1907"]
[BlackRD "65"]
[GameID "395372"]

1. e4 e6 2. Nf3 c5 3. c4 Nc6 4. Nc3 a6 5. d4 cxd4 6. Nxd4 Nge7 7. Be3 Nxd4 8. Qxd4 Nc6 9. Qd2 Be7 10. Rd1 O-O
11. Be2 d6 12. O-O Qc7 13. Na4 Bd7 14. c5 d5 15. Nb6 d4 16. Nxa8 Rxa8 17. Bxd4 Nxd4 18. Qxd4 Bc6 19. b4 Qf4 20. f3 Bf6
21. Qf2 Bc3 22. a3 a5 23. b5 Be8 24. g3 Qc7 25. Qe3 Bf6 26. b6 Qc6 27. Rd6 Qa4 28. Bd1 Qc4 29. Bb3 Qb5 30. Rb1 Be7
31. Bc2 Qc4 32. Bd3 Qc3 33. e5 g6 34. Kf2 Bxd6 35. cxd6 Rc8 36. Be2 Qc2 37. Rb3 Bd7 38. Rd3 Qb2 39. Rd2 Qc1 40. f4 Qh1
41. Qf3 Qxh2+ 42. Qg2 Qxg2+ 43. Kxg2 Kf8 44. Bf3 Rb8 45. Rc2 Ke8 46. Rc7
1-0

[Event "Darek Jacek Zaucha"]
[Site "SchemingMind.com"]
[Date "2016.02.25"]
[Round "-"]
[White "JAHI"]
[Black "Daniel Dubé"]
[Result "1-0"]
[WhiteCountry "INT"]
[BlackCountry "CAN"]
[WhiteElo "2089"]
[WhiteRD "54"]
[BlackElo "1629"]
[BlackRD "189"]
[GameID "395876"]

1. g3 e5 2. Bg2 Nc6 3. d3 f5 4. e3 Nf6 5. e4 Bc5 6. exf5 d5 7. g4 O-O 8. h3 e4 9. Ne2 exd3 10. cxd3 Re8
11. Nc3 d4 12. Ne4 Nxe4 13. Bxe4 Qh4 14. Bf4 Bb4+ 15. Kf1 Bc5 16. Bxc7 Rxe4 17. dxe4 d3 18. Ng3 b6 19. Qxd3 Nd4 20. Qc4+ Kh8
21. Kg2 a5 22. Be5 Ba6 23. Qf7 Rg8 24. f6
1-0

[Event "Darek Jacek Zaucha"]
[Site "SchemingMind.com"]
[Date "2016.02.25"]
[Round "-"]
[White "Daniel Dubé"]
[Black "JAHI"]
[Result "0-1"]
[WhiteCountry "CAN"]
[BlackCountry "INT"]
[WhiteElo "1629"]
[WhiteRD "189"]
[BlackElo "2089"]
[BlackRD "54"]
[GameID "395877"]

1. e4 g6 2. d4 Bg7 3. Nc3 d6 4. Be3 e6 5. g3 e5 6. d5 f6 7. Bh3 Bxh3 8. Nxh3 Qd7 9. Ng1 f5 10. exf5 gxf5
11. Nge2 Na6 12. Qd3 Nb4 13. Qd1 Nf6 14. a3 Na6 15. Qd3 Ng4 16. Bd2 e4 17. Qb5 Qxb5 18. Nxb5 Bxb2 19. Rb1 Bf6 20. Nbd4 Bxd4
21. Nxd4 Nc5 22. h3 Nf6 23. c4 Rf8 24. Nb5 Rf7 25. Bg5 Nd3+ 26. Ke2 Kd7 27. Nd4 b6 28. Nxf5 Nxd5 29. cxd5 Rxf5 30. Be3 Rxd5
31. Rhd1 Rf8
0-1

[Event "Darek Jacek Zaucha"]
[Site "SchemingMind.com"]
[Date "2016.03.02"]
[Round "-"]
[White "paulby"]
[Black "Ronald R. Nurmi"]
[Result "1/2-1/2"]
[WhiteCountry "ENG"]
[BlackCountry "USA"]
[WhiteElo "1680"]
[WhiteRD "83"]
[BlackElo "1696"]
[BlackRD "88"]
[GameID "396008"]

1. d4 d5 2. Bf4 c5 3. e3 Nc6 4. c3 Qb6 5. Qb3 c4 6. Qc2 Nf6 7. Nd2 e6 8. Ngf3 Be7 9. Be2 O-O 10. O-O Bd7
11. h3 Qd8 12. Rfe1 b5 13. Ne5 Be8 14. Ndf3 Ne4 15. b3 h6 16. a4 a6 17. axb5 axb5 18. Rxa8 Qxa8 19. b4 Qa3 20. Nxc6 Bxc6
21. Rc1 Qa7 22. Ne5 Bb7 23. Bf3 Nf6 24. Qb2 Ra8 25. Qd2 Qb6 26. Qe1 Qd8 27. Ra1 Rxa1=
1/2-1/2

[Event "Darek Jacek Zaucha"]
[Site "SchemingMind.com"]
[Date "2016.03.02"]
[Round "-"]
[White "Ronald R. Nurmi"]
[Black "paulby"]
[Result "1/2-1/2"]
[WhiteCountry "USA"]
[BlackCountry "ENG"]
[WhiteElo "1712"]
[WhiteRD "89"]
[BlackElo "1670"]
[BlackRD "84"]
[GameID "396009"]

1. d4 d5 2. c4 e6 3. Nc3 Nf6 4. Bg5 Be7 5. e3 O-O 6. Rc1 h6 7. Bh4 Nbd7 8. Nf3 c6 9. Bd3 dxc4 10. Bxc4 b5
11. Bd3 a6 12. a4 Bb4 13. O-O Qb6 14. Ne4 Be7 15. Bg3 Bb7 16. Bd6 Rfe8 17. Bxe7 Rxe7 18. Nd6 Nd5 19. Nxb7 Qxb7 20. b3 N7f6
21. Ne5 Rc8 22. h3 Rec7 23. Re1 c5 24. Rxc5 Rxc5 25. dxc5 Rxc5 26. axb5 axb5 27. Nf3 b4 28. Bc4 Ra5 29. Qc2 Qb8 30. Rc1 Rc5
31. Qb2 Qd8 32. Rd1 Qe7 33. Qd2=
1/2-1/2

[Event "Darek Jacek Zaucha"]
[Site "SchemingMind.com"]
[Date "2016.03.04"]
[Round "-"]
[White "maro"]
[Black "frankly"]
[Result "0-1"]
[WhiteCountry "MEX"]
[BlackCountry "ENG"]
[WhiteElo "1392"]
[WhiteRD "59"]
[BlackElo "2439"]
[BlackRD "55"]
[GameID "396338"]

1. d4 Nf6 2. c4 g6 3. Nf3 Bg7 4. g3 O-O 5. Bg2 d5 6. c5 b6 7. b4 a5 8. Qa4 Bd7 9. b5 bxc5 10. dxc5 Ne4
11. Bh6 Bxa1 12. Bxf8 Qxf8 13. c6 Bf5 14. O-O e6 15. Nbd2 Nc3 16. Qb3 a4
0-1

[Event "Darek Jacek Zaucha"]
[Site "SchemingMind.com"]
[Date "2016.03.04"]
[Round "-"]
[White "frankly"]
[Black "maro"]
[Result "1-0"]
[WhiteCountry "ENG"]
[BlackCountry "MEX"]
[WhiteElo "2439"]
[WhiteRD "55"]
[BlackElo "1392"]
[BlackRD "59"]
[GameID "396339"]

1. d4 Nf6 2. Nf3 d5 3. c4 c6 4. Nc3 e6 5. Bg5 Be7 6. e3 O-O 7. Bd3 dxc4 8. Bxc4 b5 9. Bd3 b4 10. Bxf6 Bxf6
11. Ne4 Be7 12. Qc2 Ba6 13. Bxa6 Nxa6 14. Qxc6 Nc7 15. Rc1 Rc8 16. Qb7 Bd6 17. O-O Qd7 18. Rc2 Rb8 19. Qc6 Qxc6 20. Rxc6 Rfd8
21. Nxd6 Nd5 22. Rfc1
1-0

[Event "Darek Jacek Zaucha"]
[Site "SchemingMind.com"]
[Date "2016.03.14"]
[Round "-"]
[White "DANDYLIONHONEYBADGER"]
[Black "John Willis"]
[Result "0-1"]
[WhiteCountry "USA"]
[BlackCountry "USA"]
[WhiteElo "1297"]
[WhiteRD "64"]
[BlackElo "1628"]
[BlackRD "104"]
[GameID "396622"]

1. Nc3 c5 2. d3 Nc6 3. e3 e5 4. Bd2 Nf6 5. g3 Be7 6. Bg2 d5 7. e4 d4 8. Nce2 h6 9. f3 O-O 10. c3 b6
11. h4 Ba6 12. b4 Bxd3 13. Nc1 Ba6 14. Nge2 d3 15. Ng1 c4 16. Qa4 Bb7 17. b5 Na5 18. f4 exf4 19. gxf4 Bxe4 20. Nf3 Qe8
21. Rh3 a6 22. Rb1 Nd5 23. Rg3 Nxc3 24. Bxc3 d2+ 25. Nxd2 Bxb1 26. Nxb1 Bxh4+ 27. Be5 Bxg3+ 28. Kf1 Rd8 29. bxa6 Qxa4 30. a7 Qd1#
0-1

[Event "Darek Jacek Zaucha"]
[Site "SchemingMind.com"]
[Date "2016.03.14"]
[Round "-"]
[White "John Willis"]
[Black "DANDYLIONHONEYBADGER"]
[Result "1-0"]
[WhiteCountry "USA"]
[BlackCountry "USA"]
[WhiteElo "1642"]
[WhiteRD "107"]
[BlackElo "1309"]
[BlackRD "68"]
[GameID "396623"]

1. Nf3 Nc6 2. d4 d5 3. c4 f6 4. cxd5 Nb4 5. Nc3 b6 6. e4 Bb7 7. Bb5+ Kf7 8. O-O a6 9. Ba4 b5 10. Bb3 g6
11. h3 Bh6 12. a3 c6 13. axb4 Qd7 14. dxc6+ Qe6 15. Bxe6+ Kxe6 16. Qb3+ Kd6 17. cxb7 Rb8 18. Bxh6 Nxh6 19. Rxa6+ Kd7 20. Qd5+ Ke8
21. Ra8 Rxa8 22. bxa8=Q#
1-0

[Event "Darek Jacek Zaucha"]
[Site "SchemingMind.com"]
[Date "2016.03.10"]
[Round "-"]
[White "Clive Everill"]
[Black "wojowhiskey"]
[Result "1/2-1/2"]
[WhiteCountry "CZE"]
[BlackCountry "USA"]
[WhiteElo "1697"]
[WhiteRD "62"]
[BlackElo "1571"]
[BlackRD "67"]
[GameID "396697"]

1. e4 c5 2. Nf3 d6 3. d4 cxd4 4. Nxd4 Nf6 5. f3 Nc6 6. c4 Bd7 7. Be3 g6 8. Nc3 Bg7 9. a3 O-O 10. Be2 Qb6
11. Qd2 Rac8 12. Ne6 Qb3 13. Nxf8 Kxf8 14. Rc1 Ne5 15. Nd5 Nxc4 16. Bxc4 Rxc4 17. O-O e6 18. Rxc4 Qxc4 19. Nxf6 Bxf6 20. Bxa7 d5
21. Rc1 Qa4 22. Qb4+ Qxb4 23. axb4 Bxb2 24. Rc7 Bc6 25. Bc5+ Kg7 26. b5 Be5 27. Rxc6 bxc6 28. b6 d4 29. Kf2 f6 30. g3 g5
31. b7 Kf7 32. Ke2 Ke8 33. Bxd4 Kd8 34. Bb6+ Kd7 35. Kd3 Bb8 36. Kd4 Kd6 37. f4 gxf4 38. gxf4 c5+ 39. Bxc5+ Kc7 40. e5 f5
41. Bd6+ Kxb7 42. Bxb8 Kxb8 43. Kc5 Kc7 44. Kb5 Kb7 45. Kc5=
1/2-1/2

[Event "Darek Jacek Zaucha"]
[Site "SchemingMind.com"]
[Date "2016.03.11"]
[Round "-"]
[White "wojowhiskey"]
[Black "Clive Everill"]
[Result "0-1"]
[WhiteCountry "USA"]
[BlackCountry "CZE"]
[WhiteElo "1552"]
[WhiteRD "70"]
[BlackElo "1714"]
[BlackRD "62"]
[GameID "396698"]

1. e4 d5 2. d4 e5 3. dxe5 d4 4. Nf3 c5 5. Bc4 Nc6 6. O-O Bg4 7. h3 Bh5 8. e6 fxe6 9. Bxe6 Nf6 10. Bg5 Be7
11. Nbd2 Qd6 12. Bd5 Nxd5 13. exd5 Qxd5 14. Re1 Qd7 15. Ne5 Bxd1 16. Nxd7 Kxd7 17. Bxe7 Nxe7 18. Raxd1 Rhf8 19. Re4 Nd5 20. Nc4 Rf6
21. c3 Raf8 22. cxd4 Rxf2 23. dxc5 Kc6 24. Ne5+ Kxc5 25. Nd7+ Kc6 26. Nxf8 Rxf8 27. Rc4+ Kb5 28. Rdd4 Ne3 29. a4+ Kb6 30. Rd3 Nxc4
31. b4 Nb2 32. a5+ Kb5
0-1

[Event "Darek Jacek Zaucha"]
[Site "SchemingMind.com"]
[Date "2016.03.11"]
[Round "-"]
[White "Helga1946"]
[Black "Holty"]
[Result "1-0"]
[WhiteCountry "GER"]
[BlackCountry "ENG"]
[WhiteElo "2356"]
[WhiteRD "75"]
[BlackElo "1775"]
[BlackRD "61"]
[GameID "396699"]

1. c4 b6 2. Nc3 Bb7 3. d4 e6 4. a3 Nf6 5. Bg5 h6 6. Bxf6 Qxf6 7. e3 Be7 8. Qd3 Na6 9. Rd1 O-O 10. h4 c6
11. g4 Qg6 12. Qxg6 fxg6 13. Bd3 c5 14. d5 Bf6 15. Nge2 g5 16. hxg5 Bxg5 17. Ne4 Bf6 18. Nd6 Rab8 19. Nxb7 Rxb7 20. Be4 Rbb8
21. dxe6 dxe6 22. Nf4 Bxb2 23. Nxe6 Rfe8 24. Bd5 Kh8 25. g5 Kh7 26. Ke2 Rbc8 27. gxh6 gxh6 28. Be4+ Kg8 29. Rxh6 Nc7 30. Bh7+ Kf7
31. Bg6+ Ke7 32. Nxc7 Rxc7 33. Rh7+
1-0

[Event "Darek Jacek Zaucha"]
[Site "SchemingMind.com"]
[Date "2016.03.11"]
[Round "-"]
[White "Holty"]
[Black "Helga1946"]
[Result "0-1"]
[WhiteCountry "ENG"]
[BlackCountry "GER"]
[WhiteElo "1819"]
[WhiteRD "61"]
[BlackElo "2352"]
[BlackRD "76"]
[GameID "396700"]

1. d4 d5 2. Nf3 Bf5 3. c4 Bxb1 4. Rxb1 dxc4 5. Qa4+ c6 6. Qxc4 Nd7 7. e4 e6 8. Bd3 h6 9. Bf4 a5 10. O-O Be7
11. a3 Ngf6 12. Rfd1 Qb6 13. h3 O-O 14. Qc1 Rfd8 15. Be3 Qc7 16. e5 Nh7 17. Qc2 Ndf8 18. Rbc1 Rd7 19. Qe2 Kh8 20. Qc2 Rad8
21. Qb3 Ra8 22. Bd2 a4 23. Qc2 Ng5 24. Nxg5 hxg5 25. f4 Rxd4 26. Be3 Rd7 27. Qf2 gxf4 28. Qxf4 Ra5 29. Qxf7 Qxe5 30. Qf2 Rad5
31. Bf4 Qf6 32. Be3 Rxd3 33. Rxd3 Rxd3 34. Qe2 Qf5 35. Rf1 Rxe3 36. Qxe3 Bc5
0-1

[Event "Darek Jacek Zaucha"]
[Site "SchemingMind.com"]
[Date "2016.04.10"]
[Round "-"]
[White "clare1347"]
[Black "frankly"]
[Result "1/2-1/2"]
[WhiteCountry "ENG"]
[BlackCountry "ENG"]
[WhiteElo "2239"]
[WhiteRD "83"]
[BlackElo "2468"]
[BlackRD "55"]
[GameID "397703"]

1. d4 Nf6 2. Nf3 d5 3. c4 e6 4. Bg5 dxc4 5. Nc3 Bb4 6. e4 c5 7. dxc5 Qxd1+ 8. Rxd1 Bxc3+ 9. bxc3 Nbd7 10. Rd4 Nxc5
11. e5 Nd5 12. Bxc4 b6 13. O-O h6 14. Bxd5 exd5 15. Be3 Be6 16. Nh4 O-O 17. f4 Rfe8 18. Re1 Rac8 19. Bd2 g6 20. Rf1 Ne4
21. f5 gxf5 22. Nxf5 Bxf5 23. Rxf5 Kg7 24. Rxd5 Red8 25. Rxd8 Rxd8 26. Be3 Kg6 27. g4 Rd3 28. Rf3 Rxc3 29. h4 h5 30. gxh5+ Kxh5
31. Kg2 Ra3 32. Kh3 b5 33. Rf5+ Kg6 34. Rf3 Rxa2 35. Kg4 Rg2+ 36. Kf4 Nd2 37. h5+ Kg7 38. Bxd2 Rxd2 39. Rb3 a6 40. Ra3 Rf2+=
1/2-1/2